| 000 | 00756 a2200205 4500 | ||
|---|---|---|---|
| 005 | 20260218102708.0 | ||
| 008 | 260218b |||||||| |||| 00| 0 eng d | ||
| 020 |
_a9789349180758 _cरु 250.00 |
||
| 040 | _aMAIN | ||
| 082 |
_a891.43301611 _bBH469D |
||
| 100 | _aभुवनेश्वर | ||
| 110 | _aपाण्डेय, विमल चन्द्र , सम्पा | ||
| 245 | _aधरोहर कहानियाँ : भुवनेश्वर | ||
| 250 | _aLatest edition | ||
| 260 |
_bलोकभारती प्रकाशन _c2023 _aप्रयागराज |
||
| 300 | _a93 | ||
| 650 | _aहिन्दी साहित्य | ||
| 651 | _aहिन्दी कहानी-संग्रह | ||
| 942 | _cHN | ||
| 999 |
_c393962 _d393962 |
||